Metody vícerozměrné statistické analýzy - možnosti aplikací a popis výpočetního postupu
Enregistré dans:
| Auteur principal: | |
|---|---|
| Autres auteurs: | |
| Format: | Livre |
| Langue: | tchèque |
| Publié: |
Praha
Výzkumný ústav sociálně ekonomických informací
1982
|
| Collection: | Studijní materiál
č. 138 |
| Tags: |
Pas de tags, Soyez le premier à ajouter un tag!
|
MARC
| LEADER | 00000nam a2200000 4500 | ||
|---|---|---|---|
| 001 | c130409 | ||
| 005 | 20210819122830.0 | ||
| 041 | 0 | |a cze | |
| 044 | |a CZ | ||
| 245 | 1 | 0 | |a Metody vícerozměrné statistické analýzy - možnosti aplikací a popis výpočetního postupu |c Jiří Křovák, Vladimír Mašát |
| 264 | 1 | |a Praha |b Výzkumný ústav sociálně ekonomických informací |c 1982 | |
| 300 | |a 58 s. | ||
| 490 | 1 | |a Studijní materiál |v č. 138 | |
| 830 | 0 | |a Studijní materiál |v č. 138 | |
| 100 | 1 | |a Křovák, Jiří | |
| 700 | 1 | |a Mašát, Vladimír | |